000 00593nam a22001937a 4500
999 _c190724
_d190724
005 20220803154323.0
010 _aENG-134212
020 _a9789390288762
_c100.00
035 _aEN-117744
037 _bDBAD/PUB
082 _a485
100 _aChaudhari, Vijay
245 _aDeveloping Communication Skills/
_cVijay Chaudhari and Dinesh Deore
260 _aDhule
_bYuvraj Mali
_c2020
270 _a17, Devidas Colony, Varkhedi Road
_bDhule
_e424001
_martharvapublications@gmail.com
300 _a96p.
_c24cm(pbk)
700 _aDeore, Dinesh
942 _2ddc
_cEN
_h485
_mCHA